000 00663nam a2200241Ia 4500
003 OSt
005 20221005041702.0
006 a|||||r|||| 00| 0
007 ta
008 221004b |||||||| |||| 00| 0 eng d
024 _a66878
037 _cTextual
040 _aCRL
_cCRL
_beng
041 _2eng
_aeng
082 _aV28271,1xN11w, M5
100 _aCrewe Quentin
_9286868
245 0 _aLast Maharaja
_b A biography of Sawai Man Singh II Maharaja of Jaipur
260 _aDelhi
_bRupa
_c1985
300 _a258p
_ccm.
650 _aHISTORY
942 _hV28271,1xN11w, M5
_cTEXL
_2cc
999 _c948925
_d948925